=LDR 00000nam 2200000 4500 =001 INLIS000000000018284 =005 20130612113450 =008 ***********************************Ind** =035 ##$$0010-061300000018284 =041 ##$$a Ind =082 ##$$a 636.369 =090 ##$$a 636.369, Set p =100 ##$$a Setianingsih, Endang =245 ##$$a Petai dan jengkol, Endang Setianingsih =260 ##$$a 1995 $b Jakarta =300 ##$$a 43 hlm, ilus, 21 cm =650 ##$$a Petai dan Jengkol =850 ##$$a NBPNMAT